| 000 | 00354nam a22001577a 4500 | ||
|---|---|---|---|
| 003 | SGT | ||
| 020 | _a978-81-7910-547-4 | ||
| 082 |
_a641 _bTAM |
||
| 100 | _aTAMULI, PHATIK | ||
| 245 | _aFERMENTED FOODS AND BEVERAGES | ||
| 250 | _a1ST | ||
| 260 |
_aINDIA _bAAVISHKAR PUB. _c2017 |
||
| 300 | _a212 | ||
| 650 | _aFOODS AND BEVERAGES | ||
| 942 |
_2ddc _cBK |
||
| 999 |
_c28569 _d28569 |
||